000 01095pam a2200313 4500
001 8639
003 OCoLC
005 20181127190424.0
008 981029s1999 njua b 001 0 eng
010 _a98043644
020 _a0130203122
020 _a0137956185
100 1 _aLevine, David M.,
_d1946-
245 1 0 _aStatistics for managers using Microsoft Excel /
_cDavid M. Levine, Mark L. Berenson, David Stephan
250 _a2nd ed
260 _aUpper Saddle River, N.J. :
_bPrentice Hall,
_c1999
300 _axxix, 1069, [35] p. :
_bill. ;
_c26 cm +
_ecomputer disk
500 _aAlden stacks copy: Computer disk not available
504 _aIncludes bibliographical references and index
630 0 0 _aMicrosoft Excel (Computer file)
650 0 _aCommercial statistics
650 0 _aCommercial statistics
_xComputer programs
650 0 _aElectronic spreadsheets
650 0 _aManagement
_xStatistical methods
650 0 _aManagement
_xStatistical methods
_xComputer programs
700 1 _aBerenson, Mark L
700 1 _aStephan, David
999 _c7487
_d7487